Culture and local development

Na minha lista:
Detalhes bibliográficos
Formato: Livro
Idioma:inglês
Publicado em: Paris OECD 2005
Assuntos:
Tags: Adicionar Tag
Sem tags, seja o primeiro a adicionar uma tag!

MARC

LEADER 00000nam$a2200000$$$4500
001 0031120
005 20221129082443.4
020 |a 92-64-00990-6 
041 0 |a eng 
044 |a FR 
245 1 0 |a Culture and local development 
264 1 |a Paris  |b OECD  |c 2005 
300 |a 198 s. 
610 2 0 |a kultúra 
610 2 0 |a rozvoj regionálny 
610 2 0 |a rozvoj sociálno-ekonomický 
610 2 0 |a ruch cestovný 
610 2 0 |a zariadenia kultúrne 
610 2 0 |a potreby kultúrne 
610 2 0 |a rozvoj sociálny 
610 2 0 |a rozvoj územný